Πειράματα

Αποθηκεύτηκε σε:
Λεπτομέρειες βιβλιογραφικής εγγραφής
Κύριος συγγραφέας: Meiani, Antonella
Άλλοι συγγραφείς: Citterio, Pier Giorgio (Εικονογράφος)
Μορφή: Βιβλίο
Γλώσσα:Greek
Italian
Δημοσίευση: Αθήνα : Μοντέρνοι Καιροί, 2004.
Σειρά:Διασκεδάζω με την επιστήμη
Θέματα:
Ετικέτες: Προσθήκη ετικέτας
Δεν υπάρχουν, Καταχωρήστε ετικέτα πρώτοι!

MARC

LEADER 00000cam a2200000 i 4500
001 1/68261
008 041209s2004 gr | ||| |||| ||gre||
020 |a 9603978078   |q (τ.1) 
020 |a 9603978086   |q (τ.2)  
035 |l 10075742 
040 |a GR-MyUa   |b gre  |e AACR2  
041 1 |a gre  |h ita 
082 7 |a 507.8   |2 (21)  
100 1 |a Meiani, Antonella. 
245 1 0 |a Πειράματα /   |c κείμενα: Antonella ; εικονογράφηση: Pier Giorgio Citterio.  
260 |a Αθήνα :   |b Μοντέρνοι Καιροί,   |c 2004.  
300 |a 2 τ. :   |b εικ. ;   |c 29 εκ.  
490 1 |a (Διασκεδάζω με την επιστήμη)  
500 |a Τίτλος πρωτοτύπου: Il grande libro degli esperimenti.  
505 8 |a Τ. 1. Αέρας, νερό, φως, κίνηση -- τ. 2. Μαγνητισμός, ηλεκτρισμός, χημεία, αισθήσεις.  
650 0 |a Science  |x Experiments  |x Juvenile literature. 
650 0 |a Air  |x Experiments  |x Juvenile literature. 
650 0 |a Water  |x Experiments  |x Juvenile literature. 
650 0 |a Light  |x Experiments  |x Juvenile literature. 
650 0 |a Magnetism  |x Experiments  |x Juvenile literature. 
650 0 |a Electricity  |x Experiments  |x Juvenile literature. 
650 0 |a Chemistry  |x Experiments  |x Juvenile literature. 
650 0 |a Experiments. 
700 1 |a Citterio, Pier Giorgio,  |e ill 
830 0 |a Διασκεδάζω με την επιστήμη 
852 |a INST  |b RHODES  |e 20041209  |h 507.8 MEI  |p 005400018126  |q 005400018126  |t BK  |y 0  |z τ.1 
852 |a INST  |b RHODES  |e 20041209  |h 507.8 MEI  |p 005400018127  |q 005400018127  |t BK  |y 0  |z τ.2 
852 |a INST  |b RHODES  |e 20041209  |h 507.8 MEI  |p 005400018126  |q 005400018126  |t BK  |v τ.1:  |y 0  |z τ.1 
852 |a INST  |b RHODES  |e 20041209  |h 507.8 MEI  |p 005400018127  |q 005400018127  |t BK  |v τ.2:  |y 0  |z τ.2 
853 |a INST  |b RHODES  |h 507.8 MEI 
901 |a BIBL4-2005-1 
922 |a 4ΕΛΗ  |b 200412  |c ΒΙΒΛΙΟΘΗΚΗ  |d ΔΕΝΤΡΟ 
950 |a 094 
970 |a Χοροζίδου  |b Τζένη  |z 2005/02/10